000
00291nam a2200109 4500
008
160622b xxu||||| |||| 00| 0 eng d
100
_9
532
_a
Wetson , T, F, et, al
245
_a
Making Sure Of Maths
260
_a
Holmes Mc Dougall Ltd.
_c
1970
300
_a
Making Sure Of Maths
942
_2
ddc
_c
BK
999
_c
442
_d
442